| 000 | 00691nam a2200193 4500 | ||
|---|---|---|---|
| 001 | 136693 | ||
| 003 | ES-MaACL | ||
| 005 | 20230906195214.0 | ||
| 007 | t| | ||
| 008 | 070214s1965 sp r ||||1| spa d | ||
| 100 | 1 |
_aSala Matas, Juan E. _9101668 |
|
| 245 | 1 | 0 |
_aCaza submarina / _cprólogo de don Luis M. Puyó ; fotografías submarinas del texto don Eduardo Admetlla ; fotografía de la portada, don Alberto Laviano. |
| 260 |
_aBarcelona : _bSintes, _c1965. |
||
| 300 |
_a412 p., 3 lám. : _bil. ; _c23 cm + _e1 h. pleg. |
||
| 700 | 1 |
_aAdmetlla, Eduardo. _918454 |
|
| 700 | 1 |
_aPuyó, Luis María. _994450 |
|
| 700 | 1 |
_aLaviano, Alberto. _970714 |
|
| 852 |
_aES-MaACL _jC-28091 _bR.57389 |
||
| 999 |
_c136693 _d136693 |
||